離島市町村クイズ (平成の大合併前編) - Statistics

General Stats
  • This quiz has been taken 95 times
  • The average score is 56 of 123
Answer Stats
都道府県名 市町村名 % Correct
東京都 大島町
94%
北海道 利尻町
93%
北海道 礼文町
92%
東京都 八丈町
90%
東京都 小笠原村
86%
北海道 利尻富士町
85%
北海道 奥尻町
83%
東京都 青ヶ島村
83%
東京都 利島村
80%
東京都 御蔵島村
79%
東京都 三宅村
79%
新潟県 両津市
79%
東京都 新島村
77%
新潟県 粟島浦村
76%
東京都 神津島村
73%
鹿児島県 十島村
73%
香川県 土庄町
68%
島根県 知夫村
66%
長崎県 福江市
66%
長崎県 小値賀町
66%
香川県 直島町
65%
鹿児島県 三島村
65%
大分県 姫島村
63%
鹿児島県 徳之島町
63%
鹿児島県 与論町
62%
兵庫県 家島町
61%
島根県 海士町
61%
島根県 西ノ島町
61%
鹿児島県 中種子町
61%
鹿児島県 南種子町
61%
沖縄県 石垣市
61%
鹿児島県 西之表市
59%
沖縄県 伊是名村
59%
沖縄県 竹富町
59%
鹿児島県 屋久町
58%
沖縄県 与那国町
58%
新潟県 相川町
56%
鹿児島県 龍郷町
56%
沖縄県 北大東村
56%
沖縄県 南大東村
56%
鹿児島県 喜界町
55%
鹿児島県 知名町
55%
沖縄県 平良市
55%
鹿児島県 名瀬市
54%
鹿児島県 瀬戸内町
54%
鹿児島県 和泊町
54%
沖縄県 伊江村
54%
沖縄県 渡名喜村
54%
沖縄県 粟国村
54%
沖縄県 渡嘉敷村
52%
沖縄県 伊平屋村
52%
長崎県 厳原町
51%
鹿児島県 上屋久町
51%
鹿児島県 宇検村
51%
鹿児島県 天城町
51%
鹿児島県 上甑村
49%
鹿児島県 下甑村
49%
鹿児島県 大和村
48%
沖縄県 多良間村
48%
新潟県 小木町
45%
福岡県 | 長崎県 大島村
45%
長崎県 上五島町
45%
鹿児島県 伊仙町
45%
長崎県 奈留町
44%
島根県 西郷町
41%
広島県 宮島町
41%
長崎県 上対馬町
41%
長崎県 郷ノ浦町
39%
鹿児島県 笠利町
38%
新潟県 佐和田町
37%
長崎県 宇久町
37%
長崎県 高島町
35%
鹿児島県 住用村
35%
沖縄県 座間味村
35%
広島県 大崎町
34%
島根県 五箇村
32%
香川県 池田町
32%
愛媛県 弓削町
32%
長崎県 上県町
32%
長崎県 若松町
32%
鹿児島県 里村
32%
沖縄県 城辺町
32%
新潟県 羽茂町
31%
長崎県 石田町
31%
沖縄県 下地町
31%
香川県 内海町
31%
新潟県 金井町
30%
愛媛県 魚島村
30%
長崎県 芦辺町
30%
鹿児島県 鹿島村
30%
沖縄県 伊良部町
30%
新潟県 真野町
27%
新潟県 赤泊村
27%
島根県 布施村
27%
島根県 都万村
27%
長崎県 新魚目町
27%
沖縄県 具志川村
27%
沖縄県 上野村
27%
広島県 木江町
25%
愛媛県 関前村
25%
愛媛県 中島町
25%
長崎県 伊王島町
25%
新潟県 畑野町
24%
広島県 豊町
24%
愛媛県 岩城村
24%
長崎県 鷹島町
24%
新潟県 新穂村
23%
長崎県 岐宿町
23%
長崎県 美津島町
21%
長崎県 峰町
21%
熊本県 御所浦町
21%
沖縄県 仲里村
21%
長崎県 勝本町
20%
長崎県 三井楽町
20%
愛媛県 生名村
18%
長崎県 奈良尾町
18%
長崎県 豊玉町
17%
広島県 東野町
15%
広島県 豊浜町
15%
長崎県 有川町
15%
長崎県 玉之浦町
14%
長崎県 富江町
14%
No matching quizzes found
Score Distribution
Percent of People with Each Score
Percentile by Number Answered
Your Score History
You have not taken this quiz